000 03835nam a2200277 4500
003 DO-SdBJH
005 20260703224249.0
008 260703b2025 |||d|||| |||| 00| 0 spa d
040 _aDO-SdBJH
_bspa
_cDO-SdBJH
041 0 _aspa
090 _aCT CM-0023
_bAMBC 2025
100 1 _aSantana Cruz, Manuel Antonio
_esustentante
245 1 0 _aDesarrollo de las operaciones integradas de ciberseguridad y ciberdefensa para fortalecer la seguridad fronteriza :
_bdebilidades y oportunidades de mejora 2025 /
_cManuel Antonio Santana Cruz, Franklin Ramón Araujo Vásquez ; asesor metodológico David Aguilar ; asesor de contenido Miguel Ángel Nadal Méndez.
260 _aSanto Domingo, República Dominicana :
_bUNADE,
_c2025.
300 _avii, 72, [05] páginas :
_bgráficas.
502 _aTesis y trabajos de grado (Licenciatura en Ciencias Militares)--Universidad Nacional para la Defensa "General Juan Pablo Duarte y Díez", Academia Militar "Batalla de las Carreras", Santo Domingo, 2025.
504 _aIncluye referencias bibliográficas y anexos.
505 _aEvolución, marco legal y doctrinal de la integración de las Fuerzas Armadas de República Dominicana en actividades tecnológicas -- Elementos que componen la integración de las Fuerzas Armadas de República Dominicana que colaboran con el bienestar de la red tecnológica del país -- Operaciones que optan para el cuidado de la ciberseguridad y ciberdefensa de la frontera creando así un sistema que se encargue de sustentar los sistemas de vigilancia.
520 _aEste trabajo de investigación aborda la vital necesidad de integrar a las Fuerzas Armadas de la República Dominicana en las operaciones de ciberseguridad y ciberdefensa para fortalecer la seguridad de la zona fronteriza. La investigación se centra en la calidad de que los ataques cibernéticos han evolucionado, dejando de ser un problema exclusivamente técnico para convertirse en una amenaza directa a la estabilidad y seguridad nacional. El problema central es la vulnerabilidad de las infraestructuras digitales criticas del país y la falta de una respuesta coordinada que incluya el poder de defensa del estado. El estudio se llevo a cabo con un enfoque cualitativo y de alcance descriptivo, utilizando métodos de razonamiento inductivo y análisis de contenido para examinar los fenómenos relacionados con la ciberdefensa. La realización de esta investigación justifica por la creciente escalada de ciberataques que amenazan los intereses del estado y el bienestar de la sociedad dominicana. El trabajo destaca la urgencia de fortalecer las capacidades de ciberdefensa del país, así como los propios sistemas monótonos de los estudios, no solo con tecnología, sino también con la conciencia y preparación del factor humano, que es el eslabón mas débil de la cadena de protección. El principal aporte de este estudio es el diseño de una propuesta de integración que servirá de soporte para el desarrollo de planes conjuntos de las Fuerzas Armadas, la coordinación interinstitucional y la sociedad civil. Se espera que los resultados de esta investigación fortalezcan la capacidad de respuesta del país y los sistemas de defensa del país ante futuras crisis en la zona fronteriza y refuercen los compromisos internacionales de la República Dominicana en materias de seguridad digital.
650 7 _2lemb
_aCiberseguridad
_vTesis y disertaciones académicas
_xAplicaciones militares
_xVigilancia fronteriza
_zRepública Dominicana
650 7 _2lemb
_aFuerzas armadas
_vTesis y disertaciones académicas
_xCiberdefensa
_xInnovaciones tecnológicas
_zRepública Dominicana
700 1 _aAraujo Vásquez, Franklin Ramón
_esustentante
700 1 _aAguilar, David
_easesor metodológico
700 1 _aNadal Méndez, Miguel Ángel
_easesor de contenido
942 _2CL
_cT
999 _c8755
_d8755